01082nam a2200277 k 4500001001300000005001500013008004100028020003500069040001900104041001300123049001700136056001500153090002200168100002500190245015500215246007100370260003400441300002000475500003400495546004100529653010300570700001400673740008500687900002100772950001100793KMO20260234420260519105347260514s2025 ulk 000a kor a9791167742063g03300 :c\19800 a146043c1460431 akorheng0 lEM0000048799 a331.54426 a331.544b로73경1 a로젠, 크리스틴10a경험의 멸종 :b기술이 경험을 대체하는 시대,인간은 계속 인간일 수 있을까 /d크리스틴 로젠 지음 ;e이영래 옮김19a(The)Extinction of experience:bbeing human in a disembodied world a서울 :b어크로스,c2025 a362 p. ;c22 cm a원저자명: Christine Rosen a영어 원작을 한국어로 번역 a사회학a사회문제a인공지능a과학기술a경험a지적성찰a사회변화a인문학1 a이영래02a기술이 경험을 대체하는 시대,인간은 계속 인간일 수 있을까10aRosen, Christine0 b\19800 |
|---|